=LDR 00000nam 2200000 4500 =001 INLIS000000000035543 =005 20130612141407 =008 ***********************************ind** =035 ##$$0010-061300000035543 =041 ##$$a ind =082 ##$$a 728.372 =090 ##$$a 728.372, Ind r =245 ##$$a Rusunawa di Indonesia, Gagasan, perkembangan dan keberlanjutan 2005-2009 =260 ##$$a (S.a) $b (S.l) =300 ##$$a 118 hlm., Ilus., 25 cm =650 ##$$a Rumah Susun =850 ##$$a NBPNMAT